00543 2200181 4500001002100000005001500021035002000036008004100056245005800097100001800155250001000173260007800183300003000261020002200291082001000313650002200323084001600345INLIS00000000000062320210913123055 a0010-0921000024210913 0 ind 1 aBuku Panduan Guru Seni Musik Kelas X /cHenry Pranoto aHenry Pranoto aed 1. aJakarta :bKementrian Pendidikan, Kebudayaan, Riset, dan Teknologi,c2021 axii, 252 Halaman ;c25 Cm a978-602-244-300-1 a780.1 4aSejarah Indonesia a780.1 HEN b